000 00648nam a2200277Ia 4500
005 20260324150850.0
008 008 260324s9999 xx 000 0 eng d
020 _a9781315122670
037 _aEBOOK
040 _aCRL
040 _beng
040 _cCRL
041 _2eng
041 _aeng
084 _qCRL
100 _aRobert Liefmann
_91227896
245 0 _aRevival: Cartels, Concerns and Trusts (1932)
260 _bTaylor and Francis
260 _c1932
365 _a
365 _b350
856 _uhttp://www.taylorfrancis.com/books/9781315122670
942 _cEBOOK
999 _c1838085
_d1838085